General Ball Knowledge Quiz #5 - Statistics

General Stats
  • This quiz has been taken 17 times
  • The average score is 8 of 15
Answer Stats
Hint Answer % Correct
If someone has phasmophobia, they are afraid of what? Ghosts
80%
In 2006, the company YETI was founded. What product did they sell? Coolers
73%
Dum-Dums are famously known for their what? Lollipops
73%
The other one? MLA
73%
What energy drink brand labels their variety drinks with the format "The ______ Edition"? Red Bull
67%
What famous author wrote, "Where the Sidewalk Ends" Shel Silverstein
67%
What movie has the famous quote, "Dum Dum give me Gum Gum" Night at the Museum
60%
What are the two most popular ways to cite sources? APA
53%
Apple is to Siri as Microsoft is to _______. Cortana
47%
Jimmie Johnson was famously sponsored by what company for 18 years? Lowes
47%
What is this authors best selling book? The Giving Tree
47%
Who is on the American 50 dollar bill? Ulysses S. Grant
47%
What is commonly regarded as the rarest item in Minecraft? (Hint: you can not craft it) Enchanted Golden Apple
40%
Who voiced the bird Blue in the movie Rio Jesse Eisenberg
33%
What company makes the famous "Ticonderoga"? Dixon
27%
No matching quizzes found
Score Distribution
Percent of People with Each Score
Percentile by Number Answered
Your Score History
You have not taken this quiz